Horses : colors - Statistics

General Stats
  • This quiz has been taken 336 times
    314 since last reset
  • The average score is 8 of 16
Answer Stats
Picture Answer % Correct
black
94%
Chestnut
87%
Bay
84%
gray
84%
Palomino
67%
white
61%
Dapple grey
56%
dun
53%
Buckskin
47%
liver chestnut
40%
Sorrel
27%
spotted
21%
Flaxen Chestnut
13%
Flea Bitten Grey
13%
seal brown
6%
Champange
1%
No matching quizzes found
Score Distribution
Percent of People with Each Score
Percentile by Number Answered
Your Score History
You have not taken this quiz since the last reset